The Astrobiological landscape (Record no. 18403)

MARC details
000 -LEADER
fixed length control field 00590nam a2200193Ia 4500
003 - CONTROL NUMBER IDENTIFIER
control field IN-BaIIA
008 - FIXED-LENGTH DATA ELEMENTS--GENERAL INFORMATION
fixed length control field 211028s9999 xx 000 0 eng d
020 ## - INTERNATIONAL STANDARD BOOK NUMBER
International Standard Book Number 978-0-521-19775-5
040 ## - CATALOGING SOURCE
Transcribing agency IIA Library
080 ## - UNIVERSAL DECIMAL CLASSIFICATION NUMBER
Universal Decimal Classification number 523.07
Item number CIR
100 ## - MAIN ENTRY--PERSONAL NAME
Personal name Cirkovic, Milan M
9 (RLIN) 35327
245 #4 - TITLE STATEMENT
Title The Astrobiological landscape
Remainder of title philosophical foundation of the study of cosmic life
Statement of responsibility, etc. Milan M. Cirkovic
260 ## - PUBLICATION, DISTRIBUTION, ETC.
Place of publication, distribution, etc. Cambridge
Name of publisher, distributor, etc. Cambridge University Press
Date of publication, distribution, etc. 2012
300 ## - PHYSICAL DESCRIPTION
Extent viii, 266p.
490 ## - SERIES STATEMENT
Series statement Cambridge astrobiology; 7
650 ## - SUBJECT ADDED ENTRY--TOPICAL TERM
Topical term or geographic name entry element Astrobiology
9 (RLIN) 25948
650 ## - SUBJECT ADDED ENTRY--TOPICAL TERM
Topical term or geographic name entry element Cosmology
942 ## - ADDED ENTRY ELEMENTS (KOHA)
Koha item type Books
Holdings
Withdrawn status Lost status Damaged status Not for loan Home library Current library Shelving location Date acquired Source of acquisition Cost, normal purchase price Total Checkouts Full call number Barcode Date last seen Cost, replacement price Price effective from Koha item type Purchase Price
        IIA Library-Bangalore IIA Library-Bangalore General Stacks 08/10/2012 ANJ 5571.15   523.07/ CIR 19325 05/11/2021 5571.15 08/10/2012 Books Rs. 5571.15

Powered by Koha